• 首页
  • 本馆介绍
  • 公告通知
  • 最新文献
  • 馆藏检索
  • 电子资源
  • 读者导购
  • 参考咨询
  • 我的图书馆
  • 登录
  • 详细信息显示
  • 放入我的书架
  • 预约/预借图书
  • 作者相关作品
  • 分类相关作品
  • 丛书相关作品
  • 出版社相关作品

书目信息

  • 表格格式
  • 工作单格式
  • 卡片格式
题名:
院士讲坛
    
 
作者: 罗沛霖 主编
分册:  
出版信息: 北京   北京理工大学出版社  2006
页数: 326页, 20页图版
开本: 23cm
丛书名:
单 册:
中图分类: G202 , TN0
科图分类:
主题词: 信息技术--基本知识 , 电子技术--基本知识 , 信息技术 , 电子技术
电子资源:
ISBN: 7-5640-0641-2
000 01090nam0 2200313 450
001 012006724750
005 20070515120045.10
010    @a7-5640-0641-2@dCNY32.00
100    @a20070426d2006 km y0chiy0120 ea
101 0  @achi
102    @aCN@b110000
105    @aa z 001yy
106    @ar
200 1  @a院士讲坛@Ayuan shi jiang tan@e信息电子技术知识全书@f罗沛霖主编@Fluo pei lin zhu bian
210    @a北京@c北京理工大学出版社@d2006
215    @a326页, 20页图版@c图 (部分彩图)@d23cm
300    @a“十一五”国家重点图书出版规划项目
330    @a本书共十五章,第一章“综论”,以叙述历史的方式,综合叙述各子专业的发生与发展。然后本书以十四章的篇幅叙述了各子专业。
510 1  @aAcademician forum@epanorama of information electronic technique@zeng
517 1  @a信息电子技术知识全书@Axin xi dian zi ji shu zhi shi quan shu
606 0  @a信息技术@x基本知识
606 0  @a电子技术@x基本知识
606 0  @a信息技术
606 0  @a电子技术
690    @aG202@v4
690    @aTN0@v4
701  0 @a罗沛霖@Aluo pei lin@4主编
801  0 @aCN@bRULIN@c20070515
905    @dG202@e218@s8
    
    院士讲坛:信息电子技术知识全书/罗沛霖主编.-北京:北京理工大学出版社,2006
    326页, 20页图版:图 (部分彩图);23cm
    “十一五”国家重点图书出版规划项目
    
    ISBN 7-5640-0641-2:CNY32.00
    本书共十五章,第一章“综论”,以叙述历史的方式,综合叙述各子专业的发生与发展。然后本书以十四章的篇幅叙述了各子专业。
●
相关链接 在E读中查询图书 在五车中查询图书 在当当中查询图书 在豆瓣中查询图书


正题名:院士讲坛     索取号:G202/218         预约/预借

序号 登录号 条形码 馆藏地/架位号 状态 备注
1 0570857   205708572   第一样本阅览室/ [索取号:G202/218] 在馆    
2 0570858   205708581   第四借阅区/ [索取号:G202/218] 在馆    
3 0570859   205708590   第四借阅区/ [索取号:G202/218] 在馆    
4 0570860   205708607   密集书库/ [索取号:G202/218] 在馆    
5 0570861   205708616   第四借阅区/ [索取号:G202/218] 在馆    
6 0570862   205708625   第四借阅区/ [索取号:G202/218] 在馆    
7 0570863   205708634   密集书库/ [索取号:G202/218] 在馆    
8 0570864   205708643   密集书库/ [索取号:G202/218] 在馆    
唐山师范学院图书馆 欢迎您!
大连网信软件有限公司© 版权所有